00734 2200193 4500001002100000005001700021008004100038035002400079082001100103090002000114100001900134245016300153260008500316300004500401500003200446504002700478650001700505990001800522YOGYA-0413000000007720130423135425.0 ind  0010-041300000000076 a297.74 aSK 297.74 Win P aWINARTININGSIH aPembinaan agama Islam terhadap manusia usia lanjut di Panti Sosial Tresna Werdha Budi Luhur Kasongan Kecamatan Kasihan Kabupaten Bantul/coleh Winartiningsih. aYogyakarta :bFakultas Dakwah Institut Agama Islam Negeri Sunan Kalijaga,c1999. aix, 76(17) lbr. :bilus., lamp. ;c29 cm aSkripsi IAIN Sunan Kalijaga aBibliografi : (lbr.77) aDakwah Islam a44722-PD/A.12